Statistics for Capitals of Partially-Recognized Countries

Click here to take the quiz!

General Stats

  • This quiz has been taken 38 times
  • The average score is 13 of 21

Answer Stats

Country/ territoryRecognized by a UN-State?Capital% Correct
People's Republic of ChinaYesBeijing
97%
IsraelYesJerusalem
97%
Turkish Republic North-CyprusYesNorth Nicosia
97%
Taiwan (Republic of China)YesTaipei
97%
CyprusYesNicosia
94%
North-KoreaYesPyongyang
94%
PalestineYesRamallah
94%
South-KoreaYesSeoul
94%
KosovoYesPristina
88%
ArmeniaYesYerevan
85%
CataloniaNoBarcelona
82%
TibetNoLhasa
74%
East Turkestan (Uyghuristan)NoÜrümqi
35%
Chechen Republic of IchkeriaNoGrozny
32%
Pridnestrovian Moldavian Republic (Transnistria)NoTiraspol
32%
SomalilandNoHargeisa
29%
Republic of Artsakh (Nagorno-Karabakh Republic)NoStepanakert
24%
South OssetiaYesTskhinvali
24%
Western Sahara (Sahrawi Arab Democratic Republic)YesLaayoune
21%
Republic of South MalukuNoAmbon
15%
AbkhaziaYesSokhumi
15%

Score Distribution

Percentile by Number Answered

Percent of People with Each Score

Your Score History

You have not taken this quiz